Campeões da Copa do Brasil - Statistics

Estatísticas Gerais
  • Esse quiz foi jogado 87 vezes
    86 desde o último reset
  • A pontuação média é 12 de 17
Answers on the Grid
Answers color-coded by a green-red scale on the quiz's grid according to % correct below.
São Paulo
Flamengo
Palmeiras
Fluminense
Vasco
Atlético Mineiro
Cruzeiro
Grêmio
Internacional
Corinthians
Santos
Athletico
Botafogo
Juventude
Santo André
Paulista
Bahia
Coritiba
Criciúma
Guarani
Sport
Goiás
Vitória
Ceará
 
Estatísticas das Respostas
Resposta % Correto
Corinthians
87%
Flamengo
85%
Atlético Mineiro
83%
Palmeiras
81%
Cruzeiro
80%
Santos
76%
São Paulo
76%
Vasco
76%
Grêmio
74%
Fluminense
72%
Internacional
72%
Santo André
63%
Sport
63%
Athletico
57%
Paulista
57%
Criciúma
56%
Juventude
56%
Nenhum quiz correspondente encontrado
Distribuição das Pontuações
Porcentagem de Pessoas com Cada Pontuação
Percentil de Números Respondidos
Sua Pontuação Histórica
Você não jogou esse quiz desde o último reset